000 01025nam a2200325 a 4500
001 21970
003 VRT
005 20260317073403.0
008 990908s1999 xo a 000 j slo c
020 _a8080610770 (viaz.)
035 _aUKB000244299
040 _aBAA001
_bslo
_cBAA001
_eAACR2
041 1 _aslo
_heng
044 _axo
_cSK
080 _a820-32
100 1 _aBach, Richard,
_d1936-
245 0 0 _aIlúzie, alebo, Príbeh váhavého mesiáša
_cRichard Bach ; [z angl. orig. prel. Eva Vohlídková]
250 _a1. vyd
260 _aBratislava
_bVydav. Spolku slov. spis.
_c1999
300 _a102, [1] s
650 0 7 _aliteratúra anglická
_xpoviedky
650 0 7 _apoviedky
_xliteratúra anglická
653 _a820-32
700 1 _aVohlídková, Eva
_4trl
765 0 _tIllusions - the adventures of a reluctant Messiah
_aBach, Richard, 1936-
910 _aukb
942 _2ddc
_cKLDO
_n0
949 _61800055533
_aSL.D.33200
_bPV.5373-99
949 _61800055534
_aSK.D.03388
_bPV.5374-99
_s6707:20060716
999 _c21970
_d21970